000 00484nam a22001937a 4500
008 150701b xxu||||| |||| 00| 0 alb d
020 _a9994398504
041 0 _aalb
080 _a070
100 _aMuka, Arben;
245 _aGazetar në radio /
_cArben Muka,.
260 _aTiranë :
_bISHM,
_c2007.
300 _a164 f. :
_bme il.;
_c24 cm.
650 0 _aMasmedia
650 0 _aTransmetime radiofonike
650 0 _aInformacioni
650 0 _aGazetarë
942 _2udc
_cBK
999 _c1080
_d1080